Normal view
MARC view
- Leroy G. Wade, Jan W. Simek Maya Shankar Singh
Entry Personal Name
001 - CONTROL NUMBER
- control field: 129027
003 - CONTROL NUMBER IDENTIFIER
- control field: NUST
005 - DATE AND TIME OF LATEST TRANSACTION
- control field: 20250516155038.0
008 - FIXED-LENGTH DATA ELEMENTS
- fixed length control field: 250516|| aca||aabn | a|a d
040 ## - CATALOGING SOURCE
- Original cataloging agency: NUST
- Transcribing agency: NUST
100 ## - HEADING--PERSONAL NAME
- Personal name: Leroy G. Wade, Jan W. Simek Maya Shankar Singh
670 ## - SOURCE DATA FOUND
- Source citation: Work cat.: (NUST): Leroy G. Wade, Jan W. Simek Maya Shankar Singh, Organic Chemistry, 2020
